000 00839namaa2200205 i 4500
001 173968
003 ES-MaACL
005 20230906215414.0
008 100203s1900 sp |||| | spa d
040 _aSpMaBN
_bspa
_cPAB
100 1 _aÁlvarez Quintero, Serafín,
_d1871-1938
_9226443
245 1 3 _aEl ojito derecho
_b: entremés en prosa /
_cde Serafín y Joaquín Alvarez Quintero.
250 _a2ª ed.
260 _aMadrid :
_b[s.n.],
_c1900 (
_fR. Velasco, imp.)
300 _a15 p. ;
_c18 cm.
500 _aEn port.: Estrenado en el teatro de la Zarzuela el 2 de julio de 1897.
700 1 _aÁlvarez Quintero, Joaquín,
_d1873-1944
_920922
852 _aES-MaACL
_jF-8636(6)
_z.- Enc. pasta española
_z.- Enc. en un vol. facticio formando parte de la col. facticia "Teatro español moderno", vol. 91
999 _c173968
_d173968